<?xml version="1.0" encoding="UTF-8"?>
<collection xmlns:xsi="http://www.w3.org/2001/XMLSchema-instance" xsi:schemaLocation="http://www.loc.gov/MARC21/slim http://www.loc.gov/standards/marcxml/schema/MARC21slim.xsd" xmlns="http://www.loc.gov/MARC21/slim">
 <record>
  <leader>00000ctm a22000003a 4500</leader>
  <controlfield tag="001">UP-8027390931314102027</controlfield>
  <controlfield tag="003">Buklod</controlfield>
  <controlfield tag="005">20240220145759.0</controlfield>
  <controlfield tag="006">m    |o  d |      </controlfield>
  <controlfield tag="007">ta</controlfield>
  <controlfield tag="008">240220s        xx     d     r    |||| u|</controlfield>
  <datafield tag="035" ind1=" " ind2=" ">
   <subfield code="a">(iLib)UPVIS-00160876181</subfield>
  </datafield>
  <datafield tag="037" ind1=" " ind2=" ">
   <subfield code="a">Gift</subfield>
  </datafield>
  <datafield tag="040" ind1=" " ind2=" ">
   <subfield code="a">rmc 02.20.24</subfield>
  </datafield>
  <datafield tag="090" ind1=" " ind2=" ">
   <subfield code="a">LG 993</subfield>
   <subfield code="b">2023 C58 H45</subfield>
  </datafield>
  <datafield tag="100" ind1="1" ind2=" ">
   <subfield code="a">Helarion,Jean Rose M.</subfield>
  </datafield>
  <datafield tag="245" ind1="0" ind2="0">
   <subfield code="a">Kababaihan kontra Covid-19</subfield>
   <subfield code="b">a gender analysis of the triple roles of women members of the BHERT of Leganes, Iloilo</subfield>
   <subfield code="c">Jean Rose M. Helarion and June Miles J. Trinidad..</subfield>
  </datafield>
  <datafield tag="300" ind1=" " ind2=" ">
   <subfield code="a">69 leaves</subfield>
  </datafield>
  <datafield tag="500" ind1=" " ind2=" ">
   <subfield code="a">Research, Undergraduate, UPV Miag-ao, Bachelor of Arts (Community Development).</subfield>
  </datafield>
  <datafield tag="520" ind1="3" ind2=" ">
   <subfield code="a">During the height of the COVID-19 pandemic, the women members of Barangay Health Emergency Response Teams in Leganes, Iloilo were the front liners in providing immediate and appropriate emergency assistance at the community level. In addition to their contribution to the COVID-19 response and community tasks, they also undertake reproductive and productive tasks in order to contribute to the improvement of the lives of not only their families, but also their communities as a whole. Primary data were gathered through in-depth, semi-structured interviews of 8 women BHERT members and KII of two LGU officials. The study utilizes Moser's Triple Roles Framework, and results of the study showed the roles and responsibilities of women BHERT members during the COVID-19 pandemic alongside their productive and reproductive roles. These roles are not mutually exclusive and can overlap, resulting in the creation of additional challenges and benefits for them. It is essential to recognize the difficulties these women have in managing their triple roles. Their full potential may be hampered by the burden of caregiving duties, gender stereotypes, and unequal access to resources and opportunities. To address the particular challenges that these women encounter, gender-responsive policies and assistance programs can be put in place, ensuring that they receive equal benefits, have access to resources, and can balance their multiple roles effectively. Thus, it is recommended that reviewing policies related to volunteer health workers is crucial so that the government and other concerned institutions can issue a policy that will promote their benefits as well.</subfield>
  </datafield>
  <datafield tag="650" ind1="1" ind2="0">
   <subfield code="a">Women.</subfield>
  </datafield>
  <datafield tag="650" ind1="1" ind2="0">
   <subfield code="a">Covid-19.</subfield>
  </datafield>
  <datafield tag="650" ind1="1" ind2="0">
   <subfield code="a">Gender analysis.</subfield>
  </datafield>
  <datafield tag="852" ind1="0" ind2=" ">
   <subfield code="a">UPVIS</subfield>
   <subfield code="b">UPV-ML</subfield>
   <subfield code="h">LG 993</subfield>
   <subfield code="i">2023 C58 H45</subfield>
  </datafield>
  <datafield tag="942" ind1=" " ind2=" ">
   <subfield code="a">Thesis</subfield>
  </datafield>
 </record>
</collection>
